El desplazamiento forzado en Colombia / (Registro nro. 5070)
[ vista simple ]
| 000 -LEADER | |
|---|---|
| fixed length control field | 00900nam a2200253Ia 4500 |
| 003 - CONTROL NUMBER IDENTIFIER | |
| control field | OSt |
| 005 - DATE AND TIME OF LATEST TRANSACTION | |
| control field | 20200513150633.0 |
| 008 - FIXED-LENGTH DATA ELEMENTS--GENERAL INFORMATION | |
| fixed length control field | 191128s2003 ck gr 000 0dspa d |
| 040 ## - CATALOGING SOURCE | |
| Original cataloging agency | CO-JMCR |
| Transcribing agency | CO-JMCR |
| 041 0# - LANGUAGE CODE | |
| Language code of text/sound track or separate title | spa |
| 082 04 - DEWEY DECIMAL CLASSIFICATION NUMBER | |
| Classification number | 307.2409861 / |
| Item number | M488d |
| Edition number | 23 |
| 100 1# - MAIN ENTRY--PERSONAL NAME | |
| Personal name | Medellín Lozano, Fernando, |
| Relator term | autor |
| 9 (RLIN) | 4296 |
| 245 13 - TITLE STATEMENT | |
| Title | El desplazamiento forzado en Colombia / |
| Statement of responsibility, etc. | Fernando Medellín Lozano |
| 260 ## - PUBLICATION, DISTRIBUTION, ETC. | |
| Place of publication, distribution, etc. | Bogotá : |
| Name of publisher, distributor, etc. | Defesoría del pueblo, |
| Date of publication, distribution, etc. | 2003 |
| 300 ## - PHYSICAL DESCRIPTION | |
| Extent | 192 páginas : |
| Other physical details | tablas, |
| Dimensions | 24 cm. |
| 490 0# - SERIES STATEMENT | |
| Series statement | Red de promotores |
| 504 ## - BIBLIOGRAPHY, ETC. NOTE | |
| Bibliography, etc. note | Incluye bibliografía. |
| 505 ## - FORMATTED CONTENTS NOTE | |
| Formatted contents note | El desplazamiento forzado en Colombia -- Manual de casos -- Guía docente |
| 650 14 - SUBJECT ADDED ENTRY--TOPICAL TERM | |
| Topical term or geographic name entry element | Desplazamiento forzado |
| Geographic subdivision | Colombia |
| 9 (RLIN) | 4297 |
| 650 14 - SUBJECT ADDED ENTRY--TOPICAL TERM | |
| Topical term or geographic name entry element | Conflicto armado |
| Geographic subdivision | Colombia |
| 9 (RLIN) | 4298 |
| 650 24 - SUBJECT ADDED ENTRY--TOPICAL TERM | |
| Topical term or geographic name entry element | Desplazados por la violencia |
| Geographic subdivision | Colombia |
| 9 (RLIN) | 4299 |
| 650 24 - SUBJECT ADDED ENTRY--TOPICAL TERM | |
| Topical term or geographic name entry element | Migración interna |
| Geographic subdivision | Colombia |
| 9 (RLIN) | 4300 |
| 942 ## - ADDED ENTRY ELEMENTS (KOHA) | |
| Source of classification or shelving scheme | Dewey Decimal Classification |
| Koha item type | Books |
| Withdrawn status | Lost status | Source of classification or shelving scheme | Materials specified (bound volume or other part) | Damaged status | Not for loan | Home library | Current library | Shelving location | Date acquired | Source of acquisition | Cost, normal purchase price | Total Checkouts | Full call number | Barcode | Date last seen | Date last checked out | Copy number | Price effective from | Koha item type |
|---|---|---|---|---|---|---|---|---|---|---|---|---|---|---|---|---|---|---|---|
| Dewey Decimal Classification | Donación--15/04/2018-- | Biblioteca Pública José María del Castillo y Rada | Biblioteca Pública José María del Castillo y Rada | General Stacks | 11/28/2019 | Donación | 0.00 | 2 | 307.2409861 / M488d | 430001246 | 09/16/2025 | 09/16/2025 | Ej.1 | 11/28/2019 | Books |